[Event "Osterode district U16/18"]
[Site "Osterode"]
[Date "2004.10.13"]
[Round "6.2"]
[White "Harlass, Benjamin Leopold"]
[Black "Kuo, Victor"]
[Result "1/2-1/2"]
[WhiteElo "1504"]
[BlackElo "1602"]
[PlyCount "80"]
[EventDate "2004.10.09"]
[EventType "swiss"]
[EventRounds "7"]
[EventCountry "GER"]
[SourceTitle "EXT 2006"]
[Source "ChessBase"]
[SourceDate "2005.11.24"]
[SourceVersion "1"]
[SourceVersionDate "2005.11.24"]
[SourceQuality "1"]

1. d4 Nf6 2. c4 g6 3. Nc3 d6 4. e4 c6 5. Nf3 Qc7 6. Be2 Bg7 7. Be3 e5 8. dxe5 dxe5 9. Qd2 Ng4 10. Bg5 f6 11. Bh4 0-0 12. h3 Nh6 13. 0-0-0 Nf7 14. g4 Na6 15. Kb1 Be6 16. g5 f5 17. exf5 Bxf5+ 18. Bd3 Rad8 19. Qe2 Bxd3+ 20. Rxd3 Rxd3 21. Qxd3 Rd8 22. Qe2 Qd7 23. Kc1 Qd3 24. Rd1 Qxe2 25. Rxd8+ Nxd8 26. Nxe2 Ne6 27. Bg3 Nac5 28. h4 Kf7 29. Kc2 Ne4 30. Nxe5+ Bxe5 31. Bxe5 Nxf2 32. Nd4 Ng4 33. Bh8 Nf4 34. Nf3 Ne3+ 35. Kc3 Nf5 36. Bd4 Ne2+ 37. Kd3 Nexd4 38. Nxd4 Nxh4 39. Ke4 Ke7 40. c5 Ng2 1/2-1/2

[Event "BJ-ch U16/18"]
[Site "Hildesheim"]
[Date "2003.10.26"]
[Round "6"]
[White "Harlass, Benjamin Leopold"]
[Black "Drache, Georg Marcus"]
[Result "0-1"]
[WhiteElo "1480"]
[BlackElo "1809"]
[PlyCount "90"]
[EventDate "2003.10.23"]
[EventType "swiss"]
[EventRounds "7"]
[EventCountry "GER"]
[SourceTitle "EXT 2005"]
[Source "ChessBase"]
[SourceDate "2004.11.15"]
[SourceVersion "1"]
[SourceVersionDate "2004.11.15"]
[SourceQuality "1"]

1. d4 f5 2. Nf3 Nf6 3. g3 d5 4. Bg2 e6 5. 0-0 Bd6 6. Bf4 0-0 7. Bxd6 Qxd6 8. Nbd2 b6 9. c3 Bb7 10. Ne5 Nbd7 11. f4 c5 12. e3 Ba6 13. Re1 Rfc8 14. Bf1 Bxf1 15. Rxf1 Rc7 16. Qe2 a6 17. a3 b5 18. Nd3 Ne4 19. Nxe4 dxe4 20. Nxc5 Nxc5 21. dxc5 Rxc5 22. Rad1 Qe7 23. Rd2 Rd8 24. Rfd1 Rxd2 25. Rxd2 Rd5 26. Qd1 Qc5 27. Kf2 Qc4 28. Rxd5 exd5 29. Qd2 Qa2 30. h3 Kf7 31. g4 g6 32. gxf5 gxf5 33. Qe2 Ke6 34. Qd2 Kd6 35. Kg2 a5 36. Kf2 a4 37. Ke2 Qc4+ 38. Kf2 Kc5 39. Ke1 Qd3 40. Qc1 Kc4 41. Qd2 Kb3 42. Qxd3 exd3 43. Kd2 Kxb2 44. Kxd3 Kxa3 45. Ke2 b4 0-1

[Event "BJ-ch U16/18"]
[Site "Hildesheim"]
[Date "2003.10.24"]
[Round "3"]
[White "Harlass, Benjamin Leopold"]
[Black "Kuo, Victor"]
[Result "0-1"]
[WhiteElo "1480"]
[BlackElo "1423"]
[PlyCount "78"]
[EventDate "2003.10.23"]
[EventType "swiss"]
[EventRounds "7"]
[EventCountry "GER"]
[SourceTitle "EXT 2005"]
[Source "ChessBase"]
[SourceDate "2004.11.15"]
[SourceVersion "1"]
[SourceVersionDate "2004.11.15"]
[SourceQuality "1"]

1. d4 d6 2. c4 Nf6 3. Nc3 g6 4. e4 Bg7 5. Nf3 0-0 6. Be2 c5 7. 0-0 cxd4 8. Nxd4 Nc6 9. Be3 Qc7 10. f4 e5 11. Nf3 exf4 12. Bxf4 Qb6+ 13. Kh1 Ng4 14. Qe1 Qxb2 15. Rc1 Nge5 16. Nd5 Bg4 17. h3 Nxf3 18. Bxf3 Bxf3 19. Rxf3 Ne5 20. Bxe5 Bxe5 21. h4 f5 22. exf5 gxf5 23. Rf2 Qd4 24. Rd2 Qg4 25. Kg1 Rae8 26. Re2 Bd4+ 27. Kf1 Rxe2 28. Qxe2 Qxh4 29. Qe6+ Rf7 30. Rc2 Qh1+ 31. Ke2 Qxg2+ 32. Kd1 Qg4+ 33. Re2 Be5 34. Qe8+ Kg7 35. Ke1 Bg3+ 36. Kd1 Qd4+ 37. Rd2 Qa1+ 38. Kc2 Qxa2+ 39. Kd1 Qb1+ 0-1

[Event "Niedersachsen-ch U16"]
[Site "Hambuehren"]
[Date "2002.??.??"]
[Round "6"]
[White "Reinkemeier, Tobias"]
[Black "Harlass, Benjamin Leopold"]
[Result "1/2-1/2"]
[WhiteElo "1578"]
[BlackElo "1420"]
[PlyCount "42"]
[EventDate "2002.03.??"]
[EventType "swiss"]
[EventRounds "7"]
[EventCountry "GER"]
[SourceTitle "EXT 2003"]
[Source "ChessBase"]
[SourceDate "2002.11.25"]
[SourceVersion "1"]
[SourceVersionDate "2002.11.25"]
[SourceQuality "1"]

1. e4 e6 2. d4 b6 3. Nf3 Bb7 4. Bd3 c5 5. c3 Nf6 6. Bg5 h6 7. Bxf6 Qxf6 8. Nbd2 Nc6 9. Nb3 cxd4 10. Nfxd4 Nxd4 11. Nxd4 Bc5 12. Bc2 e5 13. Nf3 Rd8 14. 0-0 0-0 15. Qe2 Rfe8 16. Rad1 d5 17. exd5 Bxd5 18. Be4 Qe6 19. Bxd5 Rxd5 20. c4 Rxd1 21. Rxd1 a5 1/2-1/2